| 000 | 00771nam a2200205Ii 4500 | ||
|---|---|---|---|
| 003 | JO-AjNU | ||
| 008 | 230605s9999||||xx |||||||||||||| ||und|| | ||
| 017 | _a81/2601 | ||
| 040 |
_aJO-AjNU _bara _erda _cJO-AjNU |
||
| 041 | _aara | ||
| 050 | 1 | 4 | _aKRM3526.B3348.1981 |
| 100 | 3 |
_aالبغال، سيد حسن, _eauthor _946682 |
|
| 245 | 0 | 0 | _aالوسيط في شرح الصيغ القانونية للدعاوى والأوراق القضائية : صيغ - إجراءات - تشريع - فقه - قضاء، مج2 |
| 264 | 3 | 1 | _aالقاهرة : عالم الكتب ، 1981 |
| 300 | _aمج2، 575ص | ||
| 336 |
_atext _btxt _2rdacontent |
||
| 337 |
_aunmediated _bn _2rdamedia |
||
| 338 |
_avolume _bnc _2rdacarrier |
||
| 650 | 4 |
_aدعوى قانونية -- مصر _946683 |
|
| 999 |
_aA20327 _c23895 _d23895 |
||